000 01271nam a22003617a 4500
003 CHAP
005 20220817043211.0
008 971013s1985 r 00010 d
010 _a68331
011 _a69303
035 _a78779
040 _cCHAP
090 _aFolleto 10570
100 0 0 _aLópez Delgado, Humberto Antonio.
_967826
245 _aObtención y conservación de genotipos de papa libres de virus
260 _aChapingo, Méx. :
_bInstituto Nacional de Investigaciones Agrícolas. Campo Agrícola Experimental Valle de México.,
_c1985
300 _a16 p.
_b: ilus.
490 _aINIA. Folleto misceláneo
_v; 3
500 _a27-216
590 _aBATCH-UPD
_b10
_c20130110
_lUCH01
_h0405
590 _aBATCH-UPD
_b10
_c20130110
_lUCH01
_h2120
590 _aBATCH-UPD
_b10
_c20130410
_lUCH01
_h0038
590 _aBATCH-UPD
_b10
_c20130410
_lUCH01
_h1625
590 _aBATCH-UPD
_b10
_c20130914
_lUCH01
_h0806
590 _aCONVERSION
_b10
_c20130109
_lUCH01
_h1338
650 1 4 _aPapa
_xGenética.
_985240
700 0 _aCadena Hinojosa, Mateo A.
_917045
700 0 _aZavala Quintana, Telésforo Encarnación.
_9123804
830 0 _aINIA. Folleto miscelaneo
_v; 3
901 _aBK
942 _cFOLL
949 _aFolleto 10570
_bBC
_cFOLL
_d-31654
_eTS1
_i78779
_si
999 _c68331
_d68331